| 000 | 00836nam a22002297a 4500 | ||
|---|---|---|---|
| 005 | 20121220144515.0 | ||
| 008 | 121220t xxu||||| |||| 00| 0 eng d | ||
| 010 | _aENG-106469 | ||
| 020 |
_c650.00 _a9788178359496 |
||
| 035 | _aEN-90002 | ||
| 037 | _bDBAD/ PUB | ||
| 040 |
_aDPL _bENG |
||
| 082 | 1 | 4 | _a027.054 |
| 100 | 1 |
_aMustafa, Faisal _954505 |
|
| 245 | 1 |
_aOriental libraries of India in internet age / _cby Faisal Mustafa |
|
| 260 |
_aDelhi _bKalpaz Publications _c2013 |
||
| 270 |
_aC-30, Satyawati Nagar, _bDelhi _e110 052 _mkalpaz@hotmail.com |
||
| 300 |
_a208p. _c22cm(Hb) |
||
| 500 | _aIncludes index | ||
| 942 |
_adpl _cEN _2ddc _h027.054 _mMUS |
||
| 999 |
_c72377 _d72377 |
||